Đất lửa

Shranjeno v:
Bibliografske podrobnosti
Glavni avtor: Nguyễn, Quang Sáng
Format: Knjiga
Jezik:Undetermined
Izdano: Hà Nội Hội Nhà Văn 2005
Teme:
Oznake: Označite
Brez oznak, prvi označite!
Thư viện lưu trữ: Trung tâm Học liệu Trường Đại học Cần Thơ
LEADER 00546nam a2200205Ia 4500
001 CTU_93645
008 210402s9999 xx 000 0 und d
020 |c 47000 
082 |a 895.922333 
082 |b S106 
100 |a Nguyễn, Quang Sáng 
245 0 |a Đất lửa 
245 0 |c Nguyễn Quang Sáng 
260 |a Hà Nội 
260 |b Hội Nhà Văn 
260 |c 2005 
650 |a Vietnamese literature 
650 |y 20th century 
904 |i Mai Loan 
980 |a Trung tâm Học liệu Trường Đại học Cần Thơ